000 00627nam a2200205Ia 4500
003 GCL
008 140319s9999 xx 000 0 eng d
040 _aGCL /
_cGCL
082 0 4 _a333.9130973
_bB E
100 1 _aBEINART, WILLIAM
245 1 0 _aENVIRONMENT AND HISTORY: THE TAMING OF NATURE IN THE U.S.A AND SOUTH AFRICA /
_cBEINART, WILLIAM
700 1 _aCOATES, PETER
260 _a[S.N] :
_bROUTLEDGE ،
_c1995
300 _a120 P
650 0 4 _aMAN - INFLUENCE ON NATURE
650 0 4 _aENVIRONMENTALISM - HISTORY
650 0 4 _aENVIRONMENTALISM - U.S.A
650 0 4 _aENVIRONMENTALISM - SOUTH AFRICA
942 _2ddc
_cBK
999 _c14220
_d14220